| 000 | 00759cab a2200181 4500 | ||
|---|---|---|---|
| 001 | L130632 | ||
| 008 | 050819n2005 000 0 eng u | ||
| 035 | _a(Sirsi) u130632 | ||
| 041 | _aeng | ||
| 100 | _aBurns, Joseph | ||
| 245 | _aOnwards and upwards | ||
| 260 | _c2005 | ||
| 490 |
_aQS Week _v(17) 17 August 2005, 14-15(2) |
||
| 520 | _aDemand for high-rise accommodation is increasing as more people move to the cities. Looks at neighbourhood constraints, construction considerations and design factors. Provides a comparison of private apartment generic costs and an elemental breakdown of costs depending on the quality of the units. (For part one see L130584.) | ||
| 590 | _aIKA300805 | ||
| 690 | _aBUILT ENVIRONMENT-BUILDING COSTS | ||
| 942 | _n0 | ||
| 999 |
_c75745 _d75745 |
||